States of Brazil by First Two Letters - Statistics

General Stats
  • This quiz has been taken 25 times
  • The average score is 19 of 27
Answers on the Map
Answers color-coded by a green-red scale on the quiz's map according to % correct below.
 
Answer Stats
State % Correct
Rio de Janeiro
89%
Rio Grande do Norte
89%
Rio Grande do Sul
89%
Santa Catarina
89%
São Paulo
89%
Maranhão
83%
Mato Grosso
83%
Mato Grosso do Sul
83%
Amapá
78%
Amazonas
78%
Bahia
78%
Goiás
72%
Pará
67%
Paraíba
67%
Paraná
67%
Rondônia
67%
Roraima
67%
Ceará
61%
Distrito Federal
61%
Minas Gerais
61%
Tocantins
61%
Alagoas
56%
Espírito Santo
56%
Sergipe
56%
Acre
50%
Pernambuco
44%
Piauí
44%
No matching quizzes found
Score Distribution
Percent of People with Each Score
Percentile by Number Answered
Your Score History
You have not taken this quiz